Statistics for DBZ Quiz

Click here to take the quiz!

General Stats

  • This quiz has been taken 1,102 times
  • The average score is 40 of 71

Answer Stats

HintAnswer% Correct
Main characterGoku
100%
Main characters first sonGohan
99%
Main characters second sonGoten
98%
Planet Vegetas princeVegeta
98%
Main characters wifeChi-Chi
97%
Princes sonTrunks
96%
Princes wifeBulma
95%
Android #17
93%
Android #18
93%
Android #16
92%
Android #19
91%
Android #13
89%
Android #14
89%
Android #15
89%
Fusion of Goku And VegetaGogeta
86%
Fusion of Goten and TrunksGotenks
84%
Main characters fatherBardock
81%
Babidi created this monsterMajin Buu
79%
Creator of AndroidsDr.Gero
78%
Main characters best friendKrillin
78%
Sayan who can handle Legendary Super SayanBroly
77%
Destroyer of Planet VegetaFrieza
77%
Friezas brotherCooler
75%
Princes fatherKing Vegeta
73%
Bulmas First boyfriendYamcha
73%
Main characters grandchildPan
72%
Main characters first true opponents sonPiccolo
71%
Dragon who appears when 7 dragonballs are bringed togetherShenron
70%
God of DestructionBeerus
69%
Friezas fatherKing Cold
69%
Princes daughterBulla
67%
Main characters First sons wifeVidel
67%
Bad guy who posessed Vegeta in DB GTBaby
64%
AndroidCell
63%
Android #8
62%
Namekian who synced with PiccoloNail
61%
Man who "adopted" main characterGrandpa Gohan
58%
Captain of the Ginyu forceCaptain Ginyu
55%
God who thaughted Main character KaiokenKing Kai
52%
Demon KingDabura
51%
White haired Ginyu forces fighterJeice
51%
Blue skinned Ginyu forces fighterBurter
48%
Form that has somekind of lightning auraSuper Saiyan 2
48%
Four eyed Ginyu forces fighterGuldo
46%
Mai characters teacherMaster Roshi
46%
Main characters grand grandchildGoku.Jr
45%
Red haired Ginyu forces fighterRecoome
45%
Form that Main character, Prince, fusion of Trunks and Goten and Trunks can masterSuper Saiyan 3
43%
Villain who looks just like Main characterTurles
41%
Masters healingDende
39%
Second Prince of Planet VegetaTarble
38%
Friezas brothers metalformMeta Cooler
37%
Brave Hero that carried sword in his back and played a fluteTapion
36%
Main characters first true opponentKing Piccolo
33%
Form that Main character and Prince can only masterSuper Saiyan 4
32%
Form that almost every saiyan can masterSuper Saiyan 1
30%
"Good Buu"Uub
26%
Villain who wished eternal lifeGarlic.Jr
25%
One of the Shadow DragonsSyn Shenron
21%
One of the Shadow DragonsNuova Shenron
17%
One of the Shadow DragonsEis Shenron
16%
One of the Shadow DragonsHaze Shenron
10%
One of the Shadow DragonsOceanus Shenron
10%
One of the Shadow DragonsRage Shenron
10%
Cells ultimate form that shows up only in the Online gameCell-X
7%
One of the Shadow DragonsNaturon Shenron
7%
Dragon who splitted in to the seven shadow dragonsBlack Smoke Shenron
5%
Monster created by Tuffle doctorHatchiyack
4%
Android #8000
3%
Android #19000
2%
Tuffle DoctorDr.Raichi
2%

Score Distribution

Percentile by Number Answered

Percent of People with Each Score

Your Score History

You have not taken this quiz